| 000 | 01288cam a2200301 i 4500 | ||
|---|---|---|---|
| 001 | 16163 | ||
| 003 | DO-SdUEMH | ||
| 005 | 20260116150308.0 | ||
| 007 | ta | ||
| 008 | 211105s1999 dr a|||gr|||| 000 0 spa|d | ||
| 040 |
_aDO-SdUEMH _bspa _erda |
||
| 041 | _aspa | ||
| 082 | 1 | 4 |
_mRD _aRD307.76729363 R426S _bR426d |
| 084 | _b08-01032 | ||
| 100 |
_aCorral, Julio C. _eaut |
||
| 245 | 1 | 0 |
_aLineamientos de políticas de desarrollo urbano para la ciudad de Dajabón / _cJulio C. Corral, Rosa A. María, Francis Romos, Sonia Peralta |
| 246 |
_aDajabón : _blineamientos de políticas de desarrollo urbano |
||
| 260 | _c1999 | ||
| 264 | 0 | 1 |
_aSantiago de los Caballeros : _bCEUR / PUCMM, _c1999 |
| 300 |
_a194 páginas : _bilustraciones ; _c28 cm. |
||
| 336 |
_2rdacontent _atexto _btxt |
||
| 337 |
_2rdamedia _asin mediación _bn |
||
| 338 |
_2rdacarrier _avolumen _bnc |
||
| 504 | _aBibliografías en paginas 173-174-175 | ||
| 505 | 2 | _aIntroducción -- Subregión Cibao Occidental -- Caracterización de la ciudad de Dajabón -- Escenario I. Escenario previsible. Tendencias actuales de la ciudad de Dajabón -- Propuesta de organización espacial urbana -- Escenario II. Escenario deseable. Hacia un futuro más sustentable de la ciudad de Dajabón. | |
| 942 |
_2ddc _cBK _n0 |
||
| 999 |
_c16163 _d16163 |
||